| 000 | 01340cam a2200349 a 4500 | ||
|---|---|---|---|
| 001 | 15248090 | ||
| 005 | 20161023153519.0 | ||
| 008 | 080404s2008 inua b 001 0 eng | ||
| 010 | _a 2008015715 | ||
| 015 |
_aGBA854627 _2bnb |
||
| 016 | 7 |
_a014584201 _2Uk |
|
| 020 | _a9781587053436 (pbk.) | ||
| 020 | _a1587053438 (pbk.) | ||
| 035 | _a(OCoLC)ocn222160173 | ||
| 035 | _a(OCoLC)222160173 | ||
| 040 |
_aDLC _cDLC _dUKM _dBAKER _dC#P _dBWX _dYDXCP _dDLC |
||
| 050 | 0 | 0 |
_aTK5105.585 _b.G76 2008 |
| 082 | 0 | 0 |
_a004.62 _222 _bGRO |
| 100 | 1 |
_aGrossetete, Patrick. _93396 |
|
| 245 | 1 | 0 |
_aGlobal IPv6 strategies : _bFrom business analysis to operational planning / _cPatrick Grossetete, Ciprian Popoviciu, Fred Wettling. |
| 260 |
_aIndianapolis, Ind. : _bCisco Press, _cc2008. |
||
| 300 |
_axxiv, 431 p. : _bill. ; _c23 cm. |
||
| 440 | 0 |
_aNetwork business series _93397 |
|
| 504 | _aIncludes bibliographical references and index. | ||
| 650 | 0 |
_aComputer networks _xPlanning. _93399 |
|
| 650 | 0 |
_aComputer networks _xManagement _vCase studies. _93400 |
|
| 650 | 0 |
_93398 _aTCP/IP (Computer network protocol) |
|
| 700 | 1 |
_aPopoviciu, Ciprian. _93401 |
|
| 700 | 1 |
_aWettling, Fred. _93402 |
|
| 942 |
_2ddc _cBB |
||
| 999 |
_c11236 _d11236 |
||